| 000 | 01097nam a2200337 i 4500 | ||
|---|---|---|---|
| 001 | bg | ||
| 100 | 1 | _aGLASS, Lillian | |
| 245 | 1 | 0 |
_aToksyczni ludzie : _b10 sposobów postępowania z ludźmi, którzy uprzykrzają ci życie / _cLillian Glass ; przeł. Beata Radomska. |
| 246 |
_iTyt. oryg.: _aToxic people |
||
| 250 | _aWyd. 1, (dodr.). | ||
| 260 |
_aPoznań : _bDom Wydawniczy "Rebis", _c2004. |
||
| 300 |
_a292, [1] s. ; _c20 cm. |
||
| 490 | 1 | _aPoradnik | |
| 500 | _aTyt. oryg.: "Toxic people" 1995. | ||
| 504 | _aBibliogr. s. 279-281. Indeks. | ||
| 650 | 9 | _aAsertywność | |
| 650 | 9 |
_aKonflikt _xpsychologia |
|
| 650 | 9 |
_aPsychoterapia _xmetody |
|
| 650 | 9 | _aStosunki interpersonalne | |
| 655 | _aWydawnictwa popularne | ||
| 700 | 1 |
_aRADOMSKA, Beata. _eTł. |
|
| 830 | _aPoradnik | ||
| 020 | _a8371204566 | ||
| 040 | _cBPK | ||
| 041 | 1 |
_apol _heng |
|
| 080 | _a159.923:316.47:615.851 | ||
| 920 | _a83-7120-456-6 | ||
| 942 | _cKS | ||
| 008 | s pl f |000 0 pol | ||
| 999 |
_c44915 _d44915 |
||
| 856 |
_uhttp://koha.tu.koszalin.pl/cgi-bin/koha/opac-detail.pl?biblionumber=44915 _yKatalog online BPK |
||